Po zisku 89 miliónov eur prišla strata 78 miliónov tento rok môže byť ešte horší

Bibliographic Details
Corporate Author: Slovenská tlačová agentúra (Author)
Format: Article
Language:Slovak
PhysicalDescription:Fotografie
ISSN:2585-7355
Subjects:
Online Access:https://kosice.korzar.sme.sk/c/22423790/u-s-steel-kosice-ukoncil-minuly-rok-so-stratou-78-milionov.html

MARC

LEADER 00000nab a2200000u 4500
001 vtls011974628
003 SK-MaSNL
005 20260303195637.0
008 200617|20200612xo ||||||| ||00 ||slo|
038 |a KEVKJB 
040 |a KEVKJB  |b slo  |e rda 
041 0 |a slo 
043 |a e-xo--- 
044 |a xo  |c SK 
072 7 |a 669  |x Metalurgia  |2 konspekt 
080 |a 669.1  |2 2011 
110 2 |a Slovenská tlačová agentúra  |4 aut  |9 188059 
245 0 0 |a Po zisku 89 miliónov eur prišla strata 78 miliónov  |b tento rok môže byť ešte horší  |c [autor] (sita) 
300 |b Fotografie 
336 |a text  |b txt  |2 rdacontent 
337 |a bez média  |b n  |2 rdamedia 
338 |a zväzok  |b nc  |2 rdacarrier 
610 2 7 |a U. S. Steel (Košice, Slovensko)  |2 kevkjb  |9 656260 
650 0 7 |a oceliarne  |2 kevkjb  |9 973895 
651 7 |a Košice (Slovensko)  |2 SNKPHgeo  |9 18694 
773 0 |t Korzár  |g Roč. XXIII., č. 135 (12.6.2020), s. 4  |x 2585-7355 
852 |a KEVKJB  |b KIS3GCP 
856 4 1 |u https://kosice.korzar.sme.sk/c/22423790/u-s-steel-kosice-ukoncil-minuly-rok-so-stratou-78-milionov.html 
999 |c 2163913  |d 2165843